MDQL
is popping MORE tags! Check the
thread
!
Quizzes
Events
Quiz Creation
Community
Videos
Private Events
Remove Ads
Sign In
Join for FREE
Feedback
Dark Mode
Quiz Categories
Sports
Geography
Music
Movies
Television
Just For Fun
Miscellaneous
History
Literature
Language
Science
Gaming
Entertainment
Religion
Holiday
For Kids
Quiz Lab
Recent
Popular Today
Quiz Kudos Today
Editor Picks
Curator Picks
Quizzes by...
Day
Popularity
Type
Ratings
Length
Year
Community
Subscriptions
Recent Discussions
Orange Saloon
Badges
Playlists
Quests
Create
Leaderboards
Showdown
Live 5
Trivia Bingo
Activity
Puzzle Library
Sporcle Events
Private Events
Virtual Trivia
Globe League
Become a Host
Pub Owners
SporcleCon
Opinionation
Our Games
Videos
Blog
Mobile Apps
Partnerships
Remove Ads and Go Orange
Feedback
Television
TV Characters
TV Show
Sitcom
Network
Friends
Reality Shows
Cast
South Park
Star Trek
The Simpsons
Doctor Who
Television
TV Characters
TV Show
Sitcom
Network
Friends
Reality Shows
Cast
South Park
Star Trek
The Simpsons
Doctor Who
Random Quiz
Search Sporcle
×
Quiz Lab
Quiz Lab
Television
Amazing
Click on answers out of a set of options
Click on answers out of a set of options
Multiple Choice
Best Score? Go Orange.
The Amazing iCarly Quiz Stats
Can you choose the right answer to these iCarly trivia questions?
By
cactushardy
15m
10 Questions
2,446 Plays
2,446 Plays
2,446 Plays
Comments
Comments
Give Quiz Kudos
Give Quiz Kudos
-
- Ratings
hide this ad
Forced Order
Questions have to be entered in order without skipping
Questions have to be entered in order without skipping
Random Order
Randomize order of answers
Randomize order of answers
Replay
Link that replays current quiz
Next Quiz
Link to next quiz in quiz playlist
You Got
0%
They Got
Avg Score
75%
Avg Friend Score
Upgrade to see
Score Distribution
Jump to the score distribution portion of the page
Score
0/10
Timer
15:00
0
Plays Today
Question
Answer
Wrong Answers
Which character sometimes ended up shirtless during early seasons?
???
93.1%
???
1.9%
???
1.6%
???
1%
What was the title of the series finale?
???
91.1%
???
3.8%
???
1.4%
???
1%
What was the shipping name between the characters Sam and Freddie?
???
89.1%
???
5.2%
???
2.2%
???
0.9%
Which network aired iCarly?
???
88%
???
7.4%
???
1.3%
???
0.5%
Which other Dan Schneider show did Jerry Trainor and Miranda Cosgrove appear in before iCarly
???
87.6%
???
2.8%
???
5.5%
???
1.4%
Which famous YouTuber guest starred on the show?
???
86.9%
???
4.2%
???
2.8%
???
3.4%
This famous actress guest starred as Sam Pucketts mom...
???
76.8%
???
4.5%
???
2.4%
???
13.1%
In the five year run of the show, how many episodes aired?
???
57.6%
???
18.7%
???
13.8%
???
7.4%
How many seasons did iCarly have before ending in 2012?
???
55.8%
???
31.8%
???
3.4%
???
6.5%
This Victorious star cameoed twice on the show as a random character and their Victorious character
???
31.3%
???
55.8%
???
8.3%
???
2.2%
Quiz Playlist
Details
Report
Send in Message
Add To Playlist
Multiple Choice:
Click on answers out of a set of options
Forced Order:
Questions have to be entered in order without skipping
Random Order:
Randomize order of answers
Last Updated: Sep 23, 2017
Quiz Scoreboard
CHALLENGE
Sign Up to Join the Scoreboard
Show All
Scores
Hide
Comments
May contain spoilers
Recently Published
Holiday 10x10 Sorting Gallery
by lukepisani3
Holiday
15m
Two Season TV Shows II
by 123Four
Television
10m
Image Sorting: Flags VI
by Barbecue
Geography
2m
More to Explore
Quiz From the Vault
Featured Blog Post
14 Easter Pick-up Lines to Find Eggs With
hide this ad
You Might Also Like...
Tags
Amazing
iCarly
Trivia
Today's Top Quizzes in Television
Browse Television
hide this ad
Today's Top Quizzes in Amazing
Browse Amazing
Top Contributed Quizzes in Television
1
Survivor Journey Challenge
2
Even More Two Season TV Shows
3
Adjectives in 00s TV Shows
4
Brooklyn Nine Nine Logic Puzzle (How-To-Play)
5
Adjectives in 10s TV Shows
6
Click the SpongeBob Episodes (Season 3)
7
Even More Three Season TV Shows
8
Survivor Logic Puzzle: Heroes vs. Villains
9
Total Drama Characters
10
Survivor Heroes vs. Villains Logic Puzzle
Explore More
Trending Topics
Kpop
NBA
Harry Potter
Marvel
Disney
Crossword
Anime
The Office
WWE
Song
Country
Soccer
NFL
Puzzle
Pokémon
hide this ad
More By:
cactushardy
Quiz
Plays
Rating
Category
Featured
Created
The Amazing iCarly Quiz
2,446
3.36
Television
Jul 4, 2017
My favorite anime by Anilist thumbnail.
97
2.67
Entertainment
Sep 20, 2021
WWE Ruthless Aggression figures 1-4
96
1.00
Sports
Jan 22, 2014
Musical Twists
29
3.00
Music
Jan 22, 2018
Track Listing For Purple
11
1.00
Music
Mar 22, 2015
Go to Creator's Profile
Score Distribution
Quiz Creator Spotlight
cactushardy
Follow
Send a Message
Quizzes Created
-
Created Quiz Play Count
-
More By This Creator
Popular Quizzes Today
1
Find the US States - No Outlines Minefield
2
Colored Red Africa Blitz
3
Find the 'City' Movie
4
The Countries of the World
5
5x2 Blitz: Bands
6
Find the Countries of Europe - No Outlines Minefield
7
Find the US States
8
US States
More Television Quizzes
Stranger Things Characters
Published
Trending Quizzes
Colored Red Europe Blitz I
Colored Red Africa Blitz II
Colored Red Europe Blitz II
Even More Two Season TV Shows
Colored Red Africa Blitz III
Recently Updated
Odd Team Out - Big 4 Players
pecheneg
Quick Pick: 20 Twenties
pecheneg
March Madness Men's Triple Doubles
pecheneg
How Do You Spell That?
pecheneg
Godzilla Movies
pecheneg
Grab Bag: 4-10 Letters
pecheneg
2024 March Madness Bracket
pecheneg
Famous TV Couples
Peacemaker
Champions League XIs: Real Madrid
pecheneg
Largest US Cities 1790-2010
pecheneg
Trending Topics
Kpop
Crossword
Marvel
Harry Potter
Disney
NBA
Anime
Soccer
The Office
WWE
Pokémon
Country
NFL
Puzzle
Song
Your Account Isn't Verified!
In order to create a playlist on Sporcle, you need to verify the email address you used during registration. Go to your
Sporcle Settings
to finish the process.
Report this User
Report this user for behavior that violates our
Community Guidelines
.
Details:
Send Report
Go to the Sporcle.com Mobile Site →
Comments